Molecular Plant Pathology (Record no. 22216)

MARC details
000 -LEADER
fixed length control field 00454nam a22001697a 4500
003 - CONTROL NUMBER IDENTIFIER
control field OSt
005 - DATE AND TIME OF LATEST TRANSACTION
control field 20211210094740.0
008 - FIXED-LENGTH DATA ELEMENTS--GENERAL INFORMATION
fixed length control field 211210b |||||||| |||| 00| 0 eng d
020 ## - INTERNATIONAL STANDARD BOOK NUMBER
International Standard Book Number 978-81-261-5904-8
040 ## - CATALOGING SOURCE
Transcribing agency Hawassa University
050 ## - LIBRARY OF CONGRESS CALL NUMBER
Classification number 572.82/BOH
Item number 4
082 ## - DEWEY DECIMAL CLASSIFICATION NUMBER
Edition number 1
Classification number 572.82/BOH
Item number 4
100 ## - MAIN ENTRY--PERSONAL NAME
Personal name Bohra,J.S.Dr
9 (RLIN) 22580
245 ## - TITLE STATEMENT
Title Molecular Plant Pathology
260 ## - PUBLICATION, DISTRIBUTION, ETC.
Place of publication, distribution, etc. New Delhi
Name of publisher, distributor, etc. Anmol Publications Pvt.Ltd.
Date of publication, distribution, etc. 2014
942 ## - ADDED ENTRY ELEMENTS (KOHA)
Source of classification or shelving scheme Dewey Decimal Classification
Koha item type Books like text book referance book
Suppress in OPAC No
Holdings
Withdrawn status Lost status Source of classification or shelving scheme Damaged status Not for loan Home library Current library Date acquired Total Checkouts Full call number Barcode Date last seen Copy number Price effective from Koha item type
    Dewey Decimal Classification     College of Agriculture Library College of Agriculture Library 12/10/2021   572.82/BOH ALIB0013532 12/10/2021 1 12/10/2021 Books like text book referance book
    Dewey Decimal Classification     College of Agriculture Library College of Agriculture Library 12/10/2021   572.82/BOH ALIB0013533 12/10/2021 2 12/10/2021 Books like text book referance book
    Dewey Decimal Classification     College of Agriculture Library College of Agriculture Library 12/10/2021   572.82/BOH ALIB0013534 12/10/2021 3 12/10/2021 Books like text book referance book
    Dewey Decimal Classification     College of Agriculture Library College of Agriculture Library 12/10/2021   572.82/BOH ALIB0013535 12/10/2021 4 12/10/2021 Books like text book referance book